00515cam a2200169u 4500001001300000003000400013005001700017008004100034010001700075040001900092050002100111100003900132245010600171260003600277300001500313999001700328unk84131406 DLC20260227112802.0841115q18501859gw 000 0 fre  aunk84131406  aDLCcCarPdDLC00aML30.4c no. 14541 aKummer, Kaspar,d1795-1870-ecomp.10aRepertoire d'opéras italiens;bpotpourris sur des motifs d'opéras favoris, pour la flûte seule. aHamburg,bF. Schuberthc[185-?] a36 v.bcm. c91563d91563